Eastern Utah Libraries Catalog: Duchesne, Heber, Roosevelt, & Vernal

The rules of matrimony / (Record no. 407482)

MARC details
000 -LEADER
fixed length control field 01594nam a22003738i 4500
001 - CONTROL NUMBER
control field 2024046122
003 - CONTROL NUMBER IDENTIFIER
control field DLC
005 - DATE AND TIME OF LATEST TRANSACTION
control field 20250512132952.0
008 - FIXED-LENGTH DATA ELEMENTS--GENERAL INFORMATION
fixed length control field 241004s2025 utu 000 1 eng
010 ## - LIBRARY OF CONGRESS CONTROL NUMBER
LC control number 2024046122
020 ## - INTERNATIONAL STANDARD BOOK NUMBER
International Standard Book Number 9781639933983
Qualifying information (trade paperback)
020 ## - INTERNATIONAL STANDARD BOOK NUMBER
Cancelled/invalid ISBN 9781649333636
Qualifying information (ebook)
035 ## - SYSTEM CONTROL NUMBER
System control number (OCoLC)1462174308
040 ## - CATALOGING SOURCE
Original cataloging agency DLC
Language of cataloging eng
Description conventions rda
Transcribing agency DLC
042 ## - AUTHENTICATION CODE
Authentication code pcc
050 00 - LIBRARY OF CONGRESS CALL NUMBER
Classification number PS3623.A4343
Item number R85 2025
082 00 - DEWEY DECIMAL CLASSIFICATION NUMBER
Classification number 813/.6
Edition number 23/eng/20241004
092 ## - LOCALLY ASSIGNED DEWEY CALL NUMBER (OCLC)
Classification number lds fiction
Item number Walker, Anneka R.
100 1# - MAIN ENTRY--PERSONAL NAME
Personal name Walker, Anneka R.,
Relator term author.
9 (RLIN) 5779332
245 14 - TITLE STATEMENT
Title The rules of matrimony /
Statement of responsibility, etc Anneka R. Walker.
263 ## - PROJECTED PUBLICATION DATE
Projected publication date 2505
264 #1 - Production, Publication, Distribution, Manufacture, and Copyright Notice.
Place of production, publication, distribution, manufacture Salt Lake City :
Name of producer, publisher, distributor, manufacturer Shadow Mountain Publishing
Date of production, publication, distribution, manufacture, or copyr 2025.
300 ## - PHYSICAL DESCRIPTION
Extent pages cm.
336 ## - Content Type
Content type term text
337 ## - Media type
Media type term unmediated
338 ## - Carrier type
Carrier type term volume
490 0# - SERIES STATEMENT
Series statement Matchmaking mamas series ;
Volume number/sequential designation 4
490 0# - SERIES STATEMENT
Series statement Proper romance
520 ## - SUMMARY, ETC.
Summary, etc "Lord Ian Reynolds, determined to avoid marriage after his father's betrayal, becomes entangled in a fake engagement with Miss Amie Tyler. Forced into a calculated union, Ian, with his political ambitions, and Amie, with her desire for independence, clash. Yet their affection grows. As love blossoms, they must decide whether risking their independence is worth pursuing a future together"--
655 #7 - INDEX TERM--GENRE/FORM
Genre/form data or focus term Romance fiction.
Source of term lcgft
655 #7 - INDEX TERM--GENRE/FORM
Genre/form data or focus term Novels.
Source of term lcgft
776 08 - ADDITIONAL PHYSICAL FORM ENTRY
Display text Online version:
Main entry heading Walker, Anneka R.
Title Rules of matrimony
Place, publisher, and date of publication Salt Lake City : Shadow Mountain Publishing 2025
International Standard Book Number 9781649333636
Record control number (DLC) 2024046123
942 ## - ADDED ENTRY ELEMENTS (KOHA)
Source of classification or shelving scheme Dewey Decimal Classification
Koha item type BOOK
Holdings
Withdrawn status Lost status Source of classification or shelving scheme Damaged status Not for loan Collection code Home library Current library Shelving location Date acquired Source of acquisition Total Checkouts Total Renewals Full call number Barcode Date last seen Date checked out Cost, replacement price Price effective from Koha item type
    Dewey Decimal Classification     Adult Fiction LDS Wasatch County Library Wasatch County Library First Floor 05/12/2025   7 3 F LDS Walker 34301002115378 12/22/2025 11/26/2025 17.99 05/12/2025 BOOK
This project was made possible through a grant from the Institute of Museum and Library Service administered by the Utah State Library Division.

Wasatch County Library

  • 465 East 1200 South, Heber City, Utah 84032
  • Phone 435-654-1511 | Fax 435-654-6456

Hours

  • Monday - Friday 9:30 AM - 8:00 PM
  • Saturday 9:30 AM - 1:30 PM
  • Closed Sundays and Holidays